Analýza a návrh výroby dimetyl karbonátu bakalárska práca

Salvato in:
Dettagli Bibliografici
Autore principale: Krištofová, Ivana
Natura: Libro
Lingua:slovacco
Pubblicazione: Bratislava STU FCHPT 2013
Accesso online:Visualizza in OPAC
Tags: Aggiungi Tag
Nessun Tag, puoi essere il primo ad aggiungerne!!

MARC

LEADER 00000nam a2200000 a 4500
005 20260127134339.0
008 131021 2013 000 0 slo d
035 |a vtls010552121 
039 9 |a 201310210906  |b mschk03  |y 201310210903  |z mschk03 
040 |a STUSCHK1  |b slo  |c STUSCHK1  |e AACR2 
100 1 |a Krištofová, Ivana 
245 1 |a Analýza a návrh výroby dimetyl karbonátu  |b bakalárska práca  |c Ivana Krištofová 
260 |a Bratislava  |b STU FCHPT  |c 2013 
300 |a 44 s.  |b il.  |c 30 cm 
500 |a Obhájené: 09.07.2013 
500 |a Štud. program: Chemické inžinierstvo 
500 |a Štud. odbor: Chemické inžinierstvo 
500 |a Škol. pracovisko: Odd. chemického a biochemického inžinierstva 
500 |a Evid. číslo: FCHPT-5431-44059 
910 |a SCHK95 
999 |c 10441  |d 10441